Museums and their communities

Αποθηκεύτηκε σε:
Λεπτομέρειες βιβλιογραφικής εγγραφής
Άλλοι συγγραφείς: Watson, Sheila E. R. (Επιμελητής έκδοσης)
Μορφή: Βιβλίο
Γλώσσα:English
Δημοσίευση: New York : Routledge, 2007
Σειρά:Leicester readers in museum studies
Θέματα:
Ετικέτες: Προσθήκη ετικέτας
Δεν υπάρχουν, Καταχωρήστε ετικέτα πρώτοι!

MARC

LEADER 00000nam a2200000 i 4500
001 1/99992
008 081222s2007 eng d
020 |a 978-0-415-40260-6 
035 |l 10102678 
040 |a GR-MY-UA  |b gre  |e aacr 
041 0 |a eng 
082 0 |a 069  |2 (22) 
245 1 0 |a Museums and their communities /  |c Sheila Watson 
260 |a New York :   |b Routledge,   |c 2007 
300 |a xxiii, 568 σ.;  |c 26 εκ. 
490 1 |a Leicester readers in museum studies 
504 |a Περιέχει βιβλιογραφικές παραπομπές και ευρετήριο 
650 0 0 |a Museums  |x Social aspects. 
650 0 0 |a Museum exhibits  |x Social aspects. 
650 0 0 |a Community life. 
650 0 0 |a Museums  |x Philosophy. 
650 0 0 |a Museum visitors. 
650 0 0 |a Group identity. 
650 0 0 |a Memory  |x Social aspects. 
650 0 0 |a Historical museums  |x Social aspects. 
650 0 0 |a Anthropological museums and collections  |x Social aspects. 
650 0 0 |a Archaeological museums and collections  |x Social aspects. 
700 1 |a Watson, Sheila E. R.  |4 edt 
830 0 |a Leicester readers in museum studies 
852 |a INST  |b LESVOS  |e 20081222  |h 069 MUS  |p 005100043773  |q 005100043773  |t BK  |y 0 
901 |a BIBL1-2008-3 
909 |a Λ  |b 154131 
922 |a 1ΕΛΗ  |b 200809  |c ΕΠΕΑΕΚ2/ΠΤΕ  |d ΜΙΧΑΛΟΠΟΥΛΟΣ 
970 |a ΚΑΡΑ  |b ΓΙΑΣΕΜΗ  |z 2008/12/22